Autoimagen, autoestima y socialización : (Record no. 147638)
[ view plain ]
| 000 -CABECERA | |
|---|---|
| campo de control de longitud fija | 00826nam a2200241 u 4500 |
| 005 - FECHA Y HORA DE LA ÚLTIMA TRANSACCIÓN | |
| campo de control | 20241016063750.0 |
| 008 - ELEMENTOS DE LONGITUD FIJA--INFORMACIÓN GENERAL | |
| campo de control de longitud fija | 100427s2006 r 000 0 eng d |
| 020 ## - NÚMERO INTERNACIONAL NORMALIZADO PARA LIBROS | |
| Número Internacional Estándar del Libro | 8427714645 (10 dígitos) |
| 020 ## - NÚMERO INTERNACIONAL NORMALIZADO PARA LIBROS | |
| Número Internacional Estándar del Libro | 9788427714649 (13 dígitos) |
| 035 ## - NÚMERO DE CONTROL DEL SISTEMA | |
| Número de control de sistema | UPN01000175534 |
| 049 ## - COLECCIÓN | |
| Colección | CG |
| 050 #4 - SIGNATURA TOPOGRÁFICA DE LA BIBLIOTECA DEL CONGRESO | |
| Número de clasificación | BF723 S3 |
| Número de documento/Ítem | L3.2 |
| 100 1# - ASIENTO PRINCIPAL--NOMBRE PERSONAL | |
| Nombre de persona | Laporte, Danielle |
| 245 10 - MENCIÓN DE TÍTULO | |
| Título | Autoimagen, autoestima y socialización : |
| Resto del título | guía práctica con niños de 0 a 6 años / |
| Mención de responsabilidad, etc. | Danielle Laporte ; tr. Carolina Ballester. |
| 260 ## - PUBLICACIÓN, DISTRIBUCIÓN, ETC. | |
| Lugar de publicación, distribución, etc. | Madrid : |
| Nombre del editor, distribuidor, etc. | Narcea, |
| Fecha de publicación, distribución, etc. | c2006. |
| 300 ## - DESCRIPCIÓN FÍSICA | |
| Extensión | 140 p. : |
| Otras características físicas | il. |
| 440 #0 - MENCIÓN DE SERIE/ASIENTO SECUNDARIO--TÍTULO | |
| Título | Primeros años |
| 534 ## - NOTA SOBRE LA VERSIÓN ORIGINAL | |
| Frase introductoria | Título original: |
| Mención de título del original | Pour favoriser l¨estime de soi des touts-petits |
| 650 #0 - ASIENTO SECUNDARIO DE MATERIA - TERMINO TEMATICO | |
| Término de materia o nombre geográfico como elemento de entrada | Autoestima en niños |
| 9 (RLIN) | 356 |
| 650 #4 - ASIENTO SECUNDARIO DE MATERIA - TERMINO TEMATICO | |
| Término de materia o nombre geográfico como elemento de entrada | AUTOIMAGEN CORPORAL |
| 9 (RLIN) | 2921 |
| 650 #4 - ASIENTO SECUNDARIO DE MATERIA - TERMINO TEMATICO | |
| Término de materia o nombre geográfico como elemento de entrada | Socialización del niño |
| 9 (RLIN) | 3953 |
| 905 ## - TIPO DE MATERIAL | |
| Tipo de material | Libro |
| Estado de retiro | Estado de pérdida | Fuente del sistema de clasificación o colocación | Estado dañado | No para préstamo | Código de colección | Localización permanente | Ubicación/localización actual | Ubicación en estantería | Fecha de adquisición | Total de préstamos | Clasificación | Código de barras | Fecha visto por última vez | Fecha del último préstamo | Número de copia | Tipo de ítem Koha | Renovaciones totales |
|---|---|---|---|---|---|---|---|---|---|---|---|---|---|---|---|---|---|
| Library of Congress Classification | Colección General | Bib. Gregorio Torres Quintero | Bib. Gregorio Torres Quintero | Planta baja | 03/10/2022 | 20 | BF723 S3 L3.2 | 272843 | 17/10/2022 | 03/10/2022 | 1 | Libro | |||||
| Library of Congress Classification | Colección General | Bib. Gregorio Torres Quintero | Bib. Gregorio Torres Quintero | Planta baja | 20/10/2022 | 17 | BF723 S3 L3.2 | 272844 | 29/04/2025 | 10/04/2025 | 1 | Libro | |||||
| Library of Congress Classification | Colección General | Bib. Gregorio Torres Quintero | Bib. Gregorio Torres Quintero | Planta baja | 17/10/2022 | 20 | BF723 S3 L3.2 | 272845 | 28/05/2025 | 12/05/2025 | 1 | Libro | 2 |
